| 000 | 00708nam a2200217 a 4500 | ||
|---|---|---|---|
| 001 | 13119 | ||
| 003 | BD-JhCC | ||
| 005 | 20230711094433.0 | ||
| 008 | 230711s2019 bg a|||| |||| 000 0 ben d | ||
| 020 | _a97898483834207 | ||
| 035 | _a(BD-JhCC)13119 | ||
| 040 |
_aBD-JhCC _dBD-JhCC |
||
| 041 | _aben | ||
| 082 |
_a398 _bSIN 2019 |
||
| 100 | _aসিংহ, সিদ্ধর্থ | ||
| 245 |
_aভারতীয় লোককাহিনি / _cসিদ্ধর্থ সিংহ |
||
| 260 |
_aঢাকা : _bসৃজনী, _c২০১৯ |
||
| 300 |
_a৯৬ পৃ. : _bচিত্রাবলী সংযোজিত; _c২১ সেমি. |
||
| 650 |
_aFolklore _zIndia |
||
| 942 |
_2ddc _cBK |
||
| 999 |
_c13119 _d13119 |
||